Music Quiz

Random Music or Song Quiz

Luke Bryan Kick up songs Quiz Stats

 Plays Quiz not verified by Sporcle

Challenge
Share
Tweet
Embed
Score 0/20 Timer 20:00
0 Plays Today
Hint Answer % Correct
Kill the LightsKick the Dust Up
88.1%
Crash my PartyCrash my Party
65.7%
I'll Stay MeAll my Friends Say
57.1%
Tailgates and TanlinesKiss Tomorrow Goodbye
57.1%
Crash my PartyRoller Coaster
54.3%
Doing my ThingDo I
54.3%
Crash my PartyDrink a Beer
51.4%
Kill the LightsKill the Lights
48.6%
Kill the LightsStrip it Down
48.6%
Crash my PartyPlay it Again
45.7%
Hint Answer % Correct
Doing my ThingRain is a Good Thing
42.9%
Tailgates and TanlinesCountry Girl Shake it for Me
40%
Tailgates and TanlinesDrunk on You
37.1%
Crash my PartyI See You
37.1%
Crash my PartyThat's my Kinda Night
37.1%
I'll Stay MeWe Rode in Trucks
34.3%
Tailgates and TanlinesI Don't Want This Night to End
29%
I'll Stay MeBaby's on the Way
28.6%
I'll Stay MeCountry Man
28.6%
Doing my ThingIs Someone Else Calling you Baby
25.7%

You're not logged in!

Compare scores with friends on all Sporcle quizzes.
Join for Free
OR
Log In

You Might Also Like...

Show Comments

Extras

Created Jul 1, 2015ReportFavoriteNominate
Tags:Song Quiz, bryan, kick, luke

Top Quizzes Today


Score Distribution

Your Account Isn't Verified!

In order to create a playlist on Sporcle, you need to verify the email address you used during registration. Go to your Sporcle Settings to finish the process.

Report this User

Report this user for behavior that violates our Community Guidelines.

Details: